| 000 | 00883nam a2200265Ia 4500 | ||
|---|---|---|---|
| 003 | OSt | ||
| 005 | 20250602095702.0 | ||
| 008 | 210210b1983 xxu||||| |||| 00| 0 eng d | ||
| 040 | _cAL | ||
| 041 | _aKannada | ||
| 082 | _a651.75K SIDM | ||
| 100 |
_aSIDDARAJU (S R) _dಸಿದ್ದರಾಜು (ಎಸ್ ಅರ್) _9212116 |
||
| 245 |
_aMadari patragalu. panchavarshika yojaneya pustaka male _bಮಾದರಿ ಪತ್ರಗಳು: ಪಂಚವಾರ್ಷಿಕ ಯೋಜನೆಯ ಪುಸ್ತಕ ಮಾಲೆ |
||
| 260 |
_aBengaluru. _bKannada Sahitya Parishattu, _c1983 |
||
| 300 | _aviii,107 | ||
| 650 |
_ayojaneya _9212117 |
||
| 650 |
_apustaka _9212118 |
||
| 650 |
_apatragalu. _9212119 |
||
| 650 |
_aPanchavarshika _9212120 |
||
| 650 |
_amale _9212121 |
||
| 650 |
_aMadari _9212122 |
||
| 690 |
_aCorrespondence _9212123 |
||
| 906 | _a036739 | ||
| 942 |
_2ddc _cBK |
||
| 999 |
_c87411 _d87411 |
||